header

Chemical reference materials (Record no. 57558)

MARC details
000 -LEADER
fixed length control field 01435nam a2200289Ia 4500
245 10 - TITLE STATEMENT
Title Chemical reference materials
260 ## - PUBLICATION, DISTRIBUTION, ETC. (IMPRINT)
Place of publication Washington, D.C. :
Name of publisher National Academies Press,
Year of publication 2002.
300 ## - PHYSICAL DESCRIPTION
Number of Pages xiv, 146 p. :
Other physical details ill.
650 #0 - SUBJECT ADDED ENTRY--TOPICAL TERM
Topical Term Chemical oceanography
Topical Term Marine sediments
856 40 - ELECTRONIC LOCATION AND ACCESS
Uniform Resource Identifier http://site.ebrary.com/lib/rucke/Doc?id=10038613

No items available.

© 2026 Rongo University
Contact us: librarian | system librarian | Rongo university